[Event "Budapest Spring Festival 2019"]
[Site "Budapest"]
[Date "2019.04.12"]
[Round "4.2"]
[White "Aryan Chopra"]
[Black "Nisipeanu, Liviu-Dieter"]
[Result "1/2-1/2"]
[WhiteElo "2547"]
[BlackElo "2680"]
[Annotator "TA"]
[PlyCount "62"]
[EventDate "2019.04.09"]
[EventType "swiss"]
[EventCountry "HUN"]
[SourceTitle "playchess.com"]
[Source "ChessBase"]
[SourceQuality "1"]

{[%evp 19,62,5,33,20,25,28,25,6,15,22,41,41,62,41,41,41,41,41,45,48,91,66,75,79,75,73,71,68,81,53,37,-19,-29,-58,-66,-60,-56,-82,-63,-68,-58,-58,-57,-105,-38]} 1. e4 e6 2. d4 d5 3. Nc3 Nf6 4. e5 Nfd7 5. f4 c5 6. Nf3 Nc6 7. Be3 cxd4 8. Nxd4 Bc5 9. Qd2 a6 10. O-O-O Qc7 {LiveBook: 5 Games. C11: French: Classical System: 4 e5 and 4 Bg5 dxe4} (10... O-O 11. Qf2 Bxd4 12. Bxd4 b5 13. Be3 b4 14. Na4 a5 15. h4 Ba6 16. h5 Qc7 17. h6 g6 18. g4 Bxf1 19. Rhxf1 f5 20. exf6 Nxf6 {1-0 (35) Volokitin,A (2677)-Dizdar,G (2509) Austria 2017}) 11. Nb3 Bb4 12. Kb1 $146 ({Predecessor:} 12. a3 Be7 13. Bd3 b5 14. Qf2 O-O 15. Kb1 Bb7 16. Ne2 b4 17. a4 {0-1 (49) Voronov,V (1915)-Armonaitis,S (2076) Vilnius 2013}) 12... b5 {White has an edge.} 13. h4 Rb8 14. h5 Ne7 15. Bd3 Bxc3 16. Qxc3 (16. bxc3 {seems wilder.} h6 17. g4 Nc6 18. Rhg1 a5 19. Ka1) 16... Qxc3 17. bxc3 Rb7 18. g4 O-O 19. Rde1 b4 20. Na5 Rb8 21. Ba7 Ra8 22. Bd4 bxc3 23. Ka1 Rb8 24. h6 g5 $1 25. Rh5 (25. f5 $14) 25... gxf4 $11 26. Rg5+ Ng6 $1 27. Nc6 Ra8 $1 28. Ne7+ Kh8 {[#]} 29. Nxd5 $1 {[%mdl 512]} Bb7 (29... exd5 30. e6+) 30. Nxc3 Rac8 $1 31. Rb1 Rc7 {Accuracy: White = 73%, Black = 69%.} ({Black should play} 31... Nc5 $17 32. Bf1 Rfd8 33. Bxc5 Rxc5 {[%mdl 64] Double Attack} 34. Rxb7 Rxc3) 1/2-1/2

[Event "Budapest Spring Festival 2019"]
[Site "Budapest"]
[Date "2019.04.12"]
[Round "4.3"]
[White "Kantor, Gergely"]
[Black "Erdos, Viktor"]
[Result "1/2-1/2"]
[WhiteElo "2505"]
[BlackElo "2610"]
[Annotator "TA"]
[PlyCount "49"]
[EventDate "2019.04.09"]
[EventType "swiss"]
[EventCountry "HUN"]
[SourceTitle "playchess.com"]
[Source "ChessBase"]
[SourceQuality "1"]

{[%evp 18,49,19,5,23,0,14,14,8,8,11,0,0,0,0,0,0,0,0,0,0,0,0,0,0,0,0,0,0,0,0,0,0,0]} 1. d4 d5 2. c4 dxc4 3. e3 Nf6 4. Bxc4 e6 5. Nf3 c5 6. O-O Nc6 7. Nc3 a6 8. Qe2 b5 9. Bb3 Bb7 10. Rd1 Be7 {D28: Queen's Gambit Accepted: Classical main line: 7 Qe2 with early ...Nc6} 11. d5 exd5 {The position is equal.} 12. Nxd5 Nxd5 13. Bxd5 Qb6 {[#]} 14. Ng5 $146 ({Predecessor:} 14. b3 Bf6 15. Bb2 Bxb2 16. Qxb2 O-O 17. Ng5 h6 18. Nxf7 Rxf7 19. Bxf7+ Kxf7 {½-½ (54) Zhao,J (2611)-Xu,X (2581) Tianjin 2018}) 14... Bxg5 15. Qh5 {[%mdl 64] Double Attack} O-O 16. Qxg5 Rad8 {[#]} 17. b4 $1 {[%mdl 512] Strongly threatening Bb2.} Ne5 (17... cxb4 18. Bb2) 18. Qxe5 Bxd5 19. Rxd5 Rxd5 20. Qxd5 Qf6 $1 {[%cal Rf6a1]} 21. Rb1 Rd8 $1 {[%cal Rd8d5]} 22. Qf3 Qf5 $1 {[%cal Rf5b1]} 23. Ra1 {[#] And now Ba3 would win.} (23. Qxf5 $2 Rd1#) 23... Qf6 24. Rb1 {aiming for Qe2.} Qf5 $1 {[%cal Rf5b1]} 25. Ra1 (25. Qxf5 $2 {is a self mate.} Rd1#) 1/2-1/2

[Event "Budapest Spring Festival 2019"]
[Site "Budapest"]
[Date "2019.04.12"]
[Round "4.4"]
[White "Swayams, Mishra"]
[Black "Markus, Robert"]
[Result "1/2-1/2"]
[WhiteElo "2478"]
[BlackElo "2600"]
[Annotator "TA"]
[PlyCount "22"]
[EventDate "2019.04.09"]
[EventType "swiss"]
[EventCountry "HUN"]
[SourceTitle "playchess.com"]
[Source "ChessBase"]
[SourceQuality "1"]

{[%evp 14,22,39,35,38,15,50,36,56,41,45]} 1. Nf3 Nf6 2. c4 d6 3. d4 Nbd7 4. Nc3 e5 5. e4 g6 6. Be2 Bg7 7. d5 Nc5 8. Qc2 a5 {E90: King's Indian: Classical: Early deviations and 6 h3} 9. Be3 Qe7 (9... Ng4 10. Bd2 Bh6 11. Bxh6 Nxh6 12. Qd2 Ng4 13. h3 Nf6 14. Qe3 O-O 15. b3 Nh5 16. Nxe5 {1-0 (40) Mamedyarov,S (2726)-Bologan,V (2732) Astana 2012}) 10. Nd2 h5 11. Bg5 $146 ({Predecessor:} 11. f3 Bh6 12. Bxh6 Rxh6 13. h4 Bd7 14. Nb3 b6 15. Nxc5 bxc5 {½-½ (118) Jovic,S (2255)-Laketic,G (2370) Novi Sad 2017}) 11... Bh6 1/2-1/2

[Event "Budapest Spring Festival 2019"]
[Site "Budapest"]
[Date "2019.04.12"]
[Round "4.5"]
[White "Asadli, Vugar"]
[Black "Timofeev, Artyom"]
[Result "1/2-1/2"]
[WhiteElo "2454"]
[BlackElo "2593"]
[Annotator "TA"]
[PlyCount "39"]
[EventDate "2019.04.09"]
[EventType "swiss"]
[EventCountry "HUN"]
[SourceTitle "playchess.com"]
[Source "ChessBase"]
[SourceQuality "1"]

{[%evp 23,39,38,43,21,21,19,17,21,16,9,10,0,1,1,1,0,14,12]} 1. e4 c5 2. Nf3 Nc6 3. d4 cxd4 4. Nxd4 g6 5. c4 Nf6 6. Nc3 Nxd4 7. Qxd4 d6 8. Be3 Bg7 9. f3 O-O 10. Qd2 Be6 11. Rc1 Qa5 12. Be2 Rfc8 13. Nd5 {B36: Sicilian: Maroczy Bind: Gurgenidze System} (13. b3 {looks sharper.} Rab8 14. Nd5 Qxd2+ 15. Kxd2 Kf8 16. g4) (13. b3 a6 14. Na4 Qxd2+ 15. Kxd2 Rc6 16. g4 Kf8 17. Nb6 Rb8 18. Nd5 Rcc8 19. Nf4 Bd7 20. g5 Ng8 21. Nd5 e6 {½-½ (65) Giri,A (2785)-Zvjaginsev,V (2661) Sochi 2017}) 13... Qxd2+ {The position is equal.} 14. Kxd2 Nxd5 15. cxd5 Bd7 16. Rxc8+ Rxc8 17. Rc1 Bxb2 18. Rxc8+ Bxc8 19. Bxa7 Bd7 {[#]} 20. Bd3 $146 ({Predecessor:} 20. Bb6 Kf8 {½-½ (51) Tazbir,M (2527)-Macieja,B (2636) Warsaw 2011}) 1/2-1/2

[Event "Budapest Spring Festival 2019"]
[Site "Budapest"]
[Date "2019.04.12"]
[Round "4.6"]
[White "Arjun Kalyan"]
[Black "Bernadskiy, Vitaliy"]
[Result "1-0"]
[WhiteElo "2445"]
[BlackElo "2587"]
[Annotator "TA"]
[PlyCount "57"]
[EventDate "2019.04.09"]
[EventType "swiss"]
[EventCountry "HUN"]
[SourceTitle "playchess.com"]
[Source "ChessBase"]
[SourceQuality "1"]

{[%evp 14,57,18,31,33,24,33,33,47,35,63,43,54,51,52,41,62,58,68,73,72,64,360,341,337,343,539,548,531,494,669,661,1410,1362,1221,1208,1130,783,880,727,2702,1253,29987,29987,29987,29988]} 1. e4 c6 2. d4 d5 3. Nd2 dxe4 4. Nxe4 Nf6 5. Nxf6+ exf6 6. c3 Bd6 7. Bd3 O-O 8. Qc2 Re8+ {B15: Caro-Kann: 3 Nc3: 3...g6 and 3...dxe4 4 Nxe4 Nf6 5 Nxf6+ exf6} 9. Ne2 $146 (9. Be3 h6 10. Ne2 Na6 11. O-O Nc7 12. c4 Bg4 13. h3 Bxe2 14. Bxe2 Ne6 15. Rad1 Qc7 16. Bg4 Rad8 17. Rfe1 Bf4 18. Bxf4 Nxf4 19. Rxe8+ Rxe8 {½-½ (58) Svidler,P (2756)-Carlsen,M (2839) Porto Carras 2018}) 9... h5 10. O-O h4 {White is slightly better.} 11. Bf4 h3 12. g3 Na6 13. Bxd6 Qxd6 14. Nf4 g5 15. Bc4 {[#] Qg6+ would kill now.} f5 16. Nxh3 Qh6 17. Rfe1 $36 {[%mdl 2048] White is pushing.} Bd7 $2 {[%mdl 8192]} (17... Nc7 $1 $14) 18. Qb3 $1 $18 {[%csl LRb7,LRf7]} Rxe1+ 19. Rxe1 b5 (19... Rf8 {keeps fighting.} 20. Qxb7 Nb8) 20. Bxf7+ Kg7 {Now ...Rf8 and Black clings on.} 21. Qa3 c5 22. Bd5 b4 23. cxb4 Re8 24. Rxe8 Bxe8 25. dxc5 Bb5 26. Qc3+ Kh7 27. Qe3 Qxh3 28. Qe7+ {[%mdl 64] [#] Double Attack} Kh6 29. Qf8+ {Accuracy: White = 74%, Black = 31%.} 1-0

[Event "Budapest Spring Festival 2019"]
[Site "Budapest"]
[Date "2019.04.12"]
[Round "4.7"]
[White "Santos Latasa, Jaime"]
[Black "Ashwath, R.."]
[Result "1-0"]
[WhiteElo "2585"]
[BlackElo "2388"]
[Annotator "ChessBase"]
[PlyCount "63"]
[EventDate "2019.04.09"]
[EventType "swiss"]
[EventCountry "HUN"]
[SourceTitle "playchess.com"]
[Source "ChessBase"]
[SourceQuality "1"]
[TimeControl "40/5400+30:1800+30"]

1. e4 {[%emt 0:00:04]} e5 {[%emt 0:05:17]} 2. Nf3 {[%emt 0:00:06]} Nc6 {[%emt 0:00:03]} 3. Bc4 {[%emt 0:00:09]} Bc5 {[%emt 0:01:23]} 4. O-O {[%emt 0:00:11]} d6 {[%emt 0:04:13]} 5. c3 {[%emt 0:01:25]} Nf6 {[%emt 0:01:51]} 6. d3 {[%emt 0:03:27]} O-O {[%emt 0:02:46]} 7. h3 {[%emt 0:00:39]} Ne7 {[%emt 0:06:27]} 8. Re1 {[%emt 0:02:06]} Ng6 {[%emt 0:02:15]} 9. d4 {[%emt 0:00:54]} Bb6 {[%emt 0:01:53]} 10. Bf1 {[%emt 0:04:55]} c6 {[%emt 0:05:34]} 11. Nbd2 {[%emt 0:02:48]} Re8 {[%emt 0:02:46]} 12. Qc2 {[%emt 0:08:18]} Bc7 {[%emt 0:17:51]} 13. dxe5 {[%emt 0:02:52]} dxe5 {[%emt 0:05:05]} 14. Nc4 {[%emt 0:00:24]} Nh5 {[%emt 0:05:38]} 15. Bg5 {[%emt 0:01:13]} f6 {[%emt 0:00:50]} 16. Rad1 {[%emt 0:00:21]} Qe7 {[%emt 0:01:09]} 17. Bc1 {[%emt 0:00:17]} b5 {[%emt 0:02:37]} 18. Ne3 {[%emt 0:00:37]} Nhf4 {[%emt 0:01:35]} 19. Nf5 {[%emt 0:00:36]} Qf7 {[%emt 0:05:22]} 20. g3 {[%emt 0:08:27]} Ne6 {[%emt 0:04:04]} 21. Be3 {[%emt 0:00:35]} Qf8 {[%emt 0:03:47]} 22. c4 {[%emt 0:05:36]} b4 {[%emt 0:03:17]} 23. c5 {[%emt 0:00:33]} a5 {[%emt 0:02:07]} 24. Nd2 {[%emt 0:03:10]} Rd8 {[%emt 0:05:29]} 25. Nc4 {[%emt 0:04:03]} Ba6 {[%emt 0:05:03]} 26. Ncd6 {[%emt 0:01:52]} Bxf1 {[%emt 0:00:15]} 27. Qb3 {[%emt 0:01:11]} Re8 {[%emt 0:02:20]} 28. Nxe8 {[%emt 0:00:55]} Qxe8 {[%emt 0:00:38]} 29. Rxf1 {[%emt 0:00:07]} Ngf8 {[%emt 0:00:23]} 30. Rd2 {[%emt 0:03:06]} g6 {[%emt 0:00:21]} 31. Nd6 {[%emt 0:00:16]} Qe7 {[%emt 0:00:47]} 32. Rfd1 {[%emt 0:00:38]} 1-0

[Event "Budapest Spring Festival 2019"]
[Site "Budapest"]
[Date "2019.04.12"]
[Round "4.8"]
[White "Raja Harshit"]
[Black "Mikhalevski, Victor"]
[Result "0-1"]
[WhiteElo "2432"]
[BlackElo "2580"]
[Annotator "ChessBase"]
[PlyCount "86"]
[EventDate "2019.04.09"]
[EventType "swiss"]
[EventCountry "HUN"]
[SourceTitle "playchess.com"]
[Source "ChessBase"]
[SourceQuality "1"]
[TimeControl "40/5400+30:1800+30"]

1. e4 {[%emt 0:00:18]} e5 {[%emt 0:00:15]} 2. Nf3 {[%emt 0:00:22]} Nc6 {[%emt 0:00:08]} 3. Bb5 {[%emt 0:00:20]} g6 {[%emt 0:00:33]} 4. O-O {[%emt 0:00:30]} Bg7 {[%emt 0:00:10]} 5. c3 {[%emt 0:00:16]} a6 {[%emt 0:00:31]} 6. Ba4 {[%emt 0:00:44]} Nge7 {[%emt 0:00:34]} 7. d4 {[%emt 0:00:17]} exd4 {[%emt 0:00:10]} 8. cxd4 {[%emt 0:00:06]} b5 {[%emt 0:00:09]} 9. Bb3 {[%emt 0:00:10]} O-O {[%emt 0:00:28]} 10. d5 {[%emt 0:00:53]} Na5 {[%emt 0:00:14]} 11. Bd2 {[%emt 0:00:07]} Nxb3 {[%emt 0:04:51]} 12. Qxb3 {[%emt 0:00:11]} c5 {[%emt 0:00:45]} 13. Bc3 {[%emt 0:01:13]} d6 {[%emt 0:01:17]} 14. Bxg7 {[%emt 0:00:14]} Kxg7 {[%emt 0:00:04]} 15. Nbd2 {[%emt 0:00:12]} f6 {[%emt 0:11:35]} 16. Qc3 {[%emt 0:00:08]} a5 {[%emt 0:05:54]} 17. b3 {[%emt 0:00:08]} h6 {[%emt 0:16:48]} 18. a3 {[%emt 0:16:31]} b4 {[%emt 0:02:17]} 19. Qc2 {[%emt 0:10:58]} Ba6 {[%emt 0:07:01]} 20. Rfe1 {[%emt 0:00:26]} Qd7 {[%emt 0:04:30]} 21. Ra2 {[%emt 0:08:20]} Ra7 {[%emt 0:04:48]} 22. h3 {[%emt 0:10:14]} g5 {[%emt 0:02:49]} 23. Rea1 {[%emt 0:06:04]} Rfa8 {[%emt 0:00:50]} 24. Nh2 {[%emt 0:05:42]} Ng6 {[%emt 0:03:14]} 25. Ng4 {[%emt 0:01:23]} Nf4 {[%emt 0:01:57]} 26. axb4 {[%emt 0:12:35]} Ne2+ {[%emt 0:01:18]} 27. Kh2 {[%emt 0:02:50]} Nd4 {[%emt 0:02:41]} 28. Qb2 {[%emt 0:02:22]} axb4 {[%emt 0:02:26]} 29. Nf3 {[%emt 0:06:03]} Nxf3+ {[%emt 0:02:58]} 30. gxf3 {[%emt 0:00:03]} Qe7 {[%emt 0:00:33]} 31. h4 {[%emt 0:01:18]} Kg6 {[%emt 0:07:17]} 32. h5+ {[%emt 0:03:58]} Kxh5 {[%emt 0:00:44]} 33. Qxf6 {[%emt 0:00:06]} Qxf6 {[%emt 0:00:13]} 34. Nxf6+ {[%emt 0:00:02]} Kg6 {[%emt 0:00:08]} 35. Ng4 {[%emt 0:01:11]} h5 {[%emt 0:05:22]} 36. Ne3 {[%emt 0:00:04]} Kf6 {[%emt 0:00:05]} 37. Nf5 {[%emt 0:04:19]} Ke5 {[%emt 0:00:29]} 38. Kg3 {[%emt 0:00:28]} c4 {[%emt 0:03:05]} 39. bxc4 {[%emt 0:00:51]} b3 {[%emt 0:00:04]} 40. Ra4 {[%emt 0:00:00]} Bc8 {[%emt 0:00:00]} 41. Rxa7 {[%emt 0:07:15]} Rxa7 {[%emt 0:01:33]} 42. Rb1 {[%emt 0:03:47]} Bxf5 {[%emt 0:00:34]} 43. exf5 {[%emt 0:02:43]} Rb7 {[%emt 0:00:07]} 0-1

[Event "Budapest Spring Festival 2019"]
[Site "Budapest"]
[Date "2019.04.12"]
[Round "4.9"]
[White "Savchenko, Boris"]
[Black "Gschnitzer, Adrian"]
[Result "1-0"]
[WhiteElo "2575"]
[BlackElo "2380"]
[Annotator "ChessBase"]
[PlyCount "79"]
[EventDate "2019.04.09"]
[EventType "swiss"]
[EventCountry "HUN"]
[SourceTitle "playchess.com"]
[Source "ChessBase"]
[SourceQuality "1"]
[TimeControl "40/5400+30:1800+30"]

1. e4 {[%emt 0:05:42]} c5 {[%emt 0:00:11]} 2. Nf3 {[%emt 0:04:29]} d6 {[%emt 0:00:24]} 3. d4 {[%emt 0:00:49]} cxd4 {[%emt 0:00:09]} 4. Nxd4 {[%emt 0:03:46]} Nf6 {[%emt 0:00:10]} 5. Nc3 {[%emt 0:00:11]} a6 {[%emt 0:00:15]} 6. Be3 {[%emt 0:00:39]} Ng4 {[%emt 0:00:20]} 7. Bc1 {[%emt 0:00:07]} Nf6 {[%emt 0:00:08]} 8. Be2 {[%emt 0:00:16]} e5 {[%emt 0:01:54]} 9. Nb3 {[%emt 0:08:10]} Be7 {[%emt 0:03:53]} 10. O-O {[%emt 0:04:50]} O-O {[%emt 0:01:04]} 11. a4 {[%emt 0:14:58]} Be6 {[%emt 0:04:18]} 12. Bf3 {[%emt 0:00:44]} Nbd7 {[%emt 0:05:09]} 13. Re1 {[%emt 0:03:30]} Nb6 {[%emt 0:05:40]} 14. a5 {[%emt 0:15:03]} Nc4 {[%emt 0:00:44]} 15. Nd5 {[%emt 0:06:41]} Rc8 {[%emt 0:01:40]} 16. Ra4 {[%emt 0:03:27]} Nxd5 {[%emt 0:03:26]} 17. exd5 {[%emt 0:00:13]} Bd7 {[%emt 0:00:11]} 18. Ra2 {[%emt 0:04:53]} Bg5 {[%emt 0:04:22]} 19. Be2 {[%emt 0:09:42]} Bxc1 {[%emt 0:03:46]} 20. Qxc1 {[%emt 0:00:06]} Bb5 {[%emt 0:00:15]} 21. Qa1 {[%emt 0:03:01]} Qg5 {[%emt 0:10:09]} 22. Qd1 {[%emt 0:00:43]} e4 {[%emt 0:02:44]} 23. g3 {[%emt 0:06:52]} Rfe8 {[%emt 0:03:22]} 24. c3 {[%emt 0:01:49]} Ne5 {[%emt 0:06:27]} 25. Bxb5 {[%emt 0:00:20]} Nf3+ {[%emt 0:01:25]} 26. Qxf3 {[%emt 0:00:07]} exf3 {[%emt 0:00:13]} 27. Bxe8 {[%emt 0:00:15]} Qxd5 {[%emt 0:04:24]} 28. Bd7 {[%emt 0:00:29]} Rd8 {[%emt 0:01:49]} 29. Ra3 {[%emt 0:01:48]} h5 {[%emt 0:00:21]} 30. Bh3 {[%emt 0:00:30]} g5 {[%emt 0:01:25]} 31. Nd4 {[%emt 0:00:22]} g4 {[%emt 0:00:43]} 32. Bf1 {[%emt 0:00:06]} h4 {[%emt 0:03:01]} 33. Bd3 {[%emt 0:00:29]} hxg3 {[%emt 0:01:10]} 34. hxg3 {[%emt 0:00:15]} Qg5 {[%emt 0:02:39]} 35. Re3 {[%emt 0:00:49]} Kg7 {[%emt 0:01:02]} 36. Ra4 {[%emt 0:00:22]} Rh8 {[%emt 0:10:25]} 37. Nf5+ {[%emt 0:00:19]} Kf6 {[%emt 0:00:13]} 38. Rf4 {[%emt 0:00:19]} Qh5 {[%emt 0:00:07]} 39. Nxd6+ {[%emt 0:00:35]} Kg7 {[%emt 0:00:22]} 40. Rxf7+ {[%emt 0:00:00]} 1-0

[Event "Budapest Spring Festival 2019"]
[Site "Budapest"]
[Date "2019.04.12"]
[Round "4.10"]
[White "Pasztor, Balazs"]
[Black "Stupak, Kirill"]
[Result "0-1"]
[WhiteElo "2139"]
[BlackElo "2547"]
[Annotator "ChessBase"]
[PlyCount "134"]
[EventDate "2019.04.09"]
[EventType "swiss"]
[EventCountry "HUN"]
[SourceTitle "playchess.com"]
[Source "ChessBase"]
[SourceQuality "1"]
[TimeControl "40/5400+30:1800+30"]

1. e4 {[%emt 0:00:07]} c6 {[%emt 0:00:03]} 2. d4 {[%emt 0:00:29]} d5 {[%emt 0:00:02]} 3. e5 {[%emt 0:00:32]} c5 {[%emt 0:00:07]} 4. Nf3 {[%emt 0:02:16]} Nc6 {[%emt 0:01:49]} 5. dxc5 {[%emt 0:01:09]} Bg4 {[%emt 0:00:17]} 6. c3 {[%emt 0:01:30]} a6 {[%emt 0:00:33]} 7. Be2 {[%emt 0:10:45]} e6 {[%emt 0:01:01]} 8. Be3 {[%emt 0:07:03]} Bxf3 {[%emt 0:14:23]} 9. Bxf3 {[%emt 0:01:39]} Nxe5 {[%emt 0:00:08]} 10. O-O {[%emt 0:07:01]} Nf6 {[%emt 0:06:29]} 11. Nd2 {[%emt 0:06:00]} Be7 {[%emt 0:00:37]} 12. Be2 {[%emt 0:06:20]} O-O {[%emt 0:00:56]} 13. b4 {[%emt 0:10:25]} Nc6 {[%emt 0:04:22]} 14. Nf3 {[%emt 0:06:01]} Ne4 {[%emt 0:02:03]} 15. Qb3 {[%emt 0:05:26]} Bf6 {[%emt 0:00:08]} 16. Rac1 {[%emt 0:01:39]} Qc7 {[%emt 0:02:06]} 17. Bd3 {[%emt 0:03:04]} Nxc3 {[%emt 0:11:21]} 18. Rxc3 {[%emt 0:02:48]} d4 {[%emt 0:01:48]} 19. Rc4 {[%emt 0:05:07]} dxe3 {[%emt 0:01:47]} 20. fxe3 {[%emt 0:00:20]} Rad8 {[%emt 0:03:21]} 21. Be4 {[%emt 0:05:02]} Rd7 {[%emt 0:04:41]} 22. Qc2 {[%emt 0:03:57]} h6 {[%emt 0:03:03]} 23. Bxc6 {[%emt 0:03:32]} Qxc6 {[%emt 0:00:58]} 24. e4 {[%emt 0:01:53]} Qc7 {[%emt 0:07:39]} 25. c6 {[%emt 0:01:20]} Qb6+ {[%emt 0:03:37]} 26. Kh1 {[%emt 0:00:53]} bxc6 {[%emt 0:02:06]} 27. e5 {[%emt 0:00:51]} Be7 {[%emt 0:00:59]} 28. Rxc6 {[%emt 0:01:01]} Qxb4 {[%emt 0:01:01]} 29. Rb1 {[%emt 0:00:26]} Qa5 {[%emt 0:02:32]} 30. Qe2 {[%emt 0:01:27]} Ra8 {[%emt 0:01:27]} 31. h3 {[%emt 0:01:35]} Bg5 {[%emt 0:05:16]} 32. Rbb6 {[%emt 0:01:12]} Bf4 {[%emt 0:05:17]} 33. Rxa6 {[%emt 0:00:56]} Rxa6 {[%emt 0:00:15]} 34. Rxa6 {[%emt 0:01:07]} Qd5 {[%emt 0:00:19]} 35. Rd6 {[%emt 0:00:44]} Rxd6 {[%emt 0:00:59]} 36. exd6 {[%emt 0:00:07]} Qxd6 {[%emt 0:00:06]} 37. a4 {[%emt 0:00:44]} Qa3 {[%emt 0:01:14]} 38. Qd1 {[%emt 0:00:39]} e5 {[%emt 0:00:36]} 39. Qe1 {[%emt 0:00:34]} f6 {[%emt 0:08:01]} 40. a5 {[%emt 0:00:00]} Qd3 {[%emt 0:00:00]} 41. Ng1 {[%emt 0:10:17]} f5 {[%emt 0:06:25]} 42. Qf2 {[%emt 0:07:28]} Be3 {[%emt 0:17:22]} 43. Qe2 {[%emt 0:02:16]} Qa3 {[%emt 0:08:09]} 44. Qc4+ {[%emt 0:01:29]} Kh7 {[%emt 0:00:01]} 45. Qf1 {[%emt 0:03:28]} Bf4 {[%emt 0:02:40]} 46. Ne2 {[%emt 0:04:03]} Qd3 {[%emt 0:00:53]} 47. Qf3 {[%emt 0:01:22]} Qb1+ {[%emt 0:03:50]} 48. Ng1 {[%emt 0:00:14]} Qc1 {[%emt 0:00:39]} 49. g3 {[%emt 0:03:02]} Be3 {[%emt 0:00:01]} 50. Qg2 {[%emt 0:00:16]} Qa1 {[%emt 0:00:58]} 51. g4 {[%emt 0:01:44]} Bxg1 {[%emt 0:00:30]} 52. Qxg1 {[%emt 0:00:12]} Qxa5 {[%emt 0:00:02]} 53. gxf5 {[%emt 0:00:50]} Qd5+ {[%emt 0:00:59]} 54. Kh2 {[%emt 0:00:58]} Qd2+ {[%emt 0:00:01]} 55. Kh1 {[%emt 0:00:19]} Qd5+ {[%emt 0:00:58]} 56. Kh2 {[%emt 0:00:13]} Qd2+ {[%emt 0:00:02]} 57. Kh1 {[%emt 0:00:05]} Qg5 {[%emt 0:00:06]} 58. Qf1 {[%emt 0:01:15]} Qg3 {[%emt 0:01:18]} 59. f6 {[%emt 0:01:30]} gxf6 {[%emt 0:00:01]} 60. Qf5+ {[%emt 0:00:20]} Kg7 {[%emt 0:01:03]} 61. Qd7+ {[%emt 0:00:29]} Kg6 {[%emt 0:00:01]} 62. Qe8+ {[%emt 0:00:08]} Kg7 {[%emt 0:00:21]} 63. Qd7+ {[%emt 0:00:14]} Kg6 {[%emt 0:00:03]} 64. Qe8+ {[%emt 0:01:32]} Kg5 {[%emt 0:00:01]} 65. Qe6 {[%emt 0:00:28]} Qf3+ {[%emt 0:00:23]} 66. Kh2 {[%emt 0:00:18]} Kh4 {[%emt 0:00:09]} 67. Qc8 {[%emt 0:00:41]} Qg3+ {[%emt 0:00:02]} 0-1

[Event "Budapest Spring Festival 2019"]
[Site "Budapest"]
[Date "2019.04.12"]
[Round "4.11"]
[White "Krzyzanowski, Marcin"]
[Black "Bashirli, Nail"]
[Result "1-0"]
[WhiteElo "2509"]
[BlackElo "2333"]
[Annotator "ChessBase"]
[PlyCount "93"]
[EventDate "2019.04.09"]
[EventType "swiss"]
[EventCountry "HUN"]
[SourceTitle "playchess.com"]
[Source "ChessBase"]
[SourceQuality "1"]
[TimeControl "40/5400+30:1800+30"]

1. e4 {[%emt 0:00:03]} c5 {[%emt 0:08:26]} 2. Nc3 {[%emt 0:00:17]} d6 {[%emt 0:00:10]} 3. d4 {[%emt 0:00:05]} cxd4 {[%emt 0:00:20]} 4. Qxd4 {[%emt 0:00:04]} Nc6 {[%emt 0:00:15]} 5. Qd2 {[%emt 0:00:03]} Nf6 {[%emt 0:00:23]} 6. b3 {[%emt 0:00:06]} e6 {[%emt 0:00:02]} 7. Bb2 {[%emt 0:00:05]} a6 {[%emt 0:00:11]} 8. O-O-O {[%emt 0:00:07]} b5 {[%emt 0:00:05]} 9. f3 {[%emt 0:00:04]} Be7 {[%emt 0:00:44]} 10. Kb1 {[%emt 0:00:18]} Bb7 {[%emt 0:02:58]} 11. g4 {[%emt 0:01:49]} Qc7 {[%emt 0:10:49]} 12. g5 {[%emt 0:04:51]} Nd7 {[%emt 0:01:27]} 13. h4 {[%emt 0:00:11]} O-O-O 14. Bh3 {[%emt 0:07:10]} Kb8 {[%emt 0:18:15]} 15. Nge2 {[%emt 0:03:29]} b4 {[%emt 0:03:35]} 16. Na4 {[%emt 0:23:31]} Nc5 {[%emt 0:02:45]} 17. Nxc5 {[%emt 0:02:02]} dxc5 {[%emt 0:00:03]} 18. Qe3 {[%emt 0:00:05]} e5 {[%emt 0:00:48]} 19. f4 {[%emt 0:03:04]} Bd6 {[%emt 0:04:04]} 20. fxe5 {[%emt 0:05:45]} Nxe5 {[%emt 0:02:00]} 21. Rhf1 {[%emt 0:04:42]} Rhe8 {[%emt 0:21:24]} 22. Nf4 {[%emt 0:04:11]} c4 {[%emt 0:07:59]} 23. Nd5 {[%emt 0:04:45]} Qa5 {[%emt 0:12:00]} 24. h5 {[%emt 0:19:43]} c3 {[%emt 0:00:57]} 25. Bc1 {[%emt 0:00:04]} Bc5 {[%emt 0:02:08]} 26. Qe2 {[%emt 0:01:50]} Ka7 {[%emt 0:00:25]} 27. h6 {[%emt 0:01:42]} gxh6 {[%emt 0:00:24]} 28. gxh6 {[%emt 0:00:02]} Nc6 {[%emt 0:00:50]} 29. Rxf7 {[%emt 0:03:24]} Nd4 {[%emt 0:00:17]} 30. Qg2 {[%emt 0:05:11]} Nb5 {[%emt 0:00:03]} 31. a4 {[%emt 0:01:37]} bxa3 {[%emt 0:00:29]} 32. Ka2 {[%emt 0:00:22]} Nd6 {[%emt 0:01:00]} 33. Rxh7 {[%emt 0:00:57]} Nxe4 {[%emt 0:00:37]} 34. Bd7 {[%emt 0:00:39]} Nf6 {[%emt 0:00:34]} 35. Bxe8 {[%emt 0:03:14]} Nxh7 {[%emt 0:00:04]} 36. Bf7 {[%emt 0:00:36]} Qb5 {[%emt 0:00:56]} 37. Qg6 {[%emt 0:01:27]} Nf8 {[%emt 0:00:16]} 38. Nxc3 {[%emt 0:00:43]} Qb4 {[%emt 0:00:38]} 39. Qf5 {[%emt 0:00:36]} Rc8 {[%emt 0:00:24]} 40. Rd3 {[%emt 0:00:00]} Bd4 {[%emt 0:00:00]} 41. Bxa3 {[%emt 0:04:31]} Qb6 {[%emt 0:05:47]} 42. Na4 {[%emt 0:07:47]} Rxc2+ {[%emt 0:01:35]} 43. Kb1 {[%emt 0:00:04]} Rf2 {[%emt 0:00:39]} 44. Qxf2 {[%emt 0:03:46]} Bxf2 {[%emt 0:01:03]} 45. Nxb6 {[%emt 0:00:08]} Be4 {[%emt 0:00:02]} 46. Kc2 {[%emt 0:02:41]} Nh7 {[%emt 0:00:37]} 47. Nc8+ {[%emt 0:00:24]} 1-0